[Event "Bremen Silvester op"]
[Site "Bremen"]
[Date "2021.12.29"]
[Round "6"]
[White "Ritter, Uwe1111"]
[Black "Roemer, Alois"]
[Result "1-0"]
[WhiteElo "1923"]
[BlackElo "1571"]
[PlyCount "41"]
[EventDate "2021.12.21"]
[EventType "swiss"]
[EventRounds "7"]
[EventCountry "GER"]
[SourceTitle "CBM 205 Extra"]
[Source "ChessBase"]
[SourceDate "2022.01.31"]
[SourceVersion "1"]
[SourceVersionDate "2022.01.31"]
[SourceQuality "1"]

1. e4 e5 2. Nf3 Nc6 3. d4 exd4 4. Bc4 Bc5 5. c3 Nf6 6. cxd4 Bb4+ 7. Bd2 Bxd2+ 8. Nbxd2 d5 9. exd5 Nxd5 10. Qb3 Qe7+ 11. Kd1 Nb6 12. Re1 Be6 13. Bxe6 0-0 14. Bd5 Qd7 15. Bxc6 bxc6 16. Ke2 Nd5 17. Kf1 Qg4 18. h3 Qh5 19. Re5 Qh6 20. Rae1 Rab8 21. Qxb8 1-0

[Event "GER-chT U14"]
[Site "Willingen"]
[Date "2021.06.24"]
[Round "1.7"]
[White "Wagner, Alexander2222"]
[Black "Roemer, Alois"]
[Result "0-1"]
[WhiteElo "1522"]
[BlackElo "1498"]
[PlyCount "94"]
[EventDate "2021.06.23"]
[EventType "team-swiss"]
[EventRounds "7"]
[EventCountry "GER"]
[SourceTitle "EXT 2022"]
[Source "ChessBase"]
[SourceDate "2021.10.06"]
[SourceVersion "1"]
[SourceVersionDate "2021.10.06"]
[SourceQuality "1"]
[WhiteTeam "Schott Jena"]
[BlackTeam "Brackel"]
[WhiteTeamCountry "GER"]
[BlackTeamCountry "GER"]

1. e4 e5 2. Nf3 Nc6 3. Bc4 Nf6 4. d3 h6 5. Nc3 d6 6. h3 Bd7 7. 0-0 Na5 8. Bb3 Nxb3 9. axb3 g5 10. d4 g4 11. hxg4 Nxg4 12. dxe5 dxe5 13. Ra5 c5 14. b4 cxb4 15. Nxe5 bxc3 16. Rd5 Nxe5 17. Rxe5+ Be7 18. bxc3 Be6 19. Rxe6 Qxd1 20. Rxe7+ Kxe7 21. Rxd1 Rad8 22. Ba3+ Ke6 23. Rb1 b6 24. f4 Rd2 25. Rb5 f6 26. c4 Rg8 27. f5+ Kf7 28. c5 Rdxg2+ 29. Kf1 Rg1+ 30. Kf2 R8g2+ 31. Kf3 Rg3+ 32. Kf2 R1g2+ 33. Kf1 Rxc2 34. Bb2 Rxc5 35. Rb4 h5 36. Rd4 Ke7 37. Kf2 Rb3 38. Rd2 Rc4 39. Bd4 a5 40. Ke2 a4 41. e5 fxe5 42. Ba1 a3 43. Kf2 Rf4+ 44. Ke2 Rxf5 45. Kd1 Rb1+ 46. Kc2 Rxa1 47. Kb3 e4 0-1

[Event "GER Pfingstopen U16"]
[Site "Playchess.com INT"]
[Date "2020.06.05"]
[Round "5"]
[White "Kolb, Tobias"]
[Black "Roemer, Alois"]
[Result "1-0"]
[WhiteElo "1749"]
[BlackElo "1593"]
[PlyCount "75"]
[EventDate "2020.06.05"]
[EventType "swiss (blitz)"]
[EventRounds "11"]
[EventCountry "GER"]
[SourceTitle "CBM 197 Extra"]
[Source "ChessBase"]
[SourceDate "2020.09.30"]
[SourceVersion "1"]
[SourceVersionDate "2020.09.30"]
[SourceQuality "1"]

1. e4 e5 2. Bc4 Nc6 3. Nc3 Nf6 4. d3 h6 5. f4 d6 6. Nf3 Bg4 7. h3 Bxf3 8. Qxf3 Nd4 9. Qf2 Nh5 10. fxe5 Qe7 11. Qxd4 Ng3 12. Rg1 dxe5 13. Qf2 Nh5 14. Nd5 Qd6 15. Be3 0-0-0 16. Bxa7 c6 17. Nb6+ Kc7 18. Qxf7+ Be7 19. Qxh5 Qb4+ 20. Ke2 Qxb2 21. Rac1 Bg5 22. Qf7+ Kd6 23. Qe6+ Kc7 24. Qf7+ Kd6 25. h4 Qc3 26. hxg5 Rhe8 27. gxh6 Re7 28. Qg6+ Kc7 29. Na4 Qa3 30. Bb6+ Kc8 31. Bxd8 Kxd8 32. hxg7 Qxa4 33. g8Q+ Kc7 34. Qf8 Rd7 35. Qge8 Kb6 36. Qxd7 c5 37. Qfd8+ Ka7 38. Qxa4# 1-0

[Event "GER Pfingstopen U16"]
[Site "Playchess.com INT"]
[Date "2020.06.05"]
[Round "8"]
[White "Wilmink, Luca"]
[Black "Roemer, Alois"]
[Result "1-0"]
[WhiteElo "1429"]
[BlackElo "1593"]
[PlyCount "51"]
[EventDate "2020.06.05"]
[EventType "swiss (blitz)"]
[EventRounds "11"]
[EventCountry "GER"]
[SourceTitle "CBM 197 Extra"]
[Source "ChessBase"]
[SourceDate "2020.09.30"]
[SourceVersion "1"]
[SourceVersionDate "2020.09.30"]
[SourceQuality "1"]

1. e4 e5 2. Nf3 Nc6 3. d4 exd4 4. Bc4 Bc5 5. c3 Nf6 6. 0-0 dxc3 7. Nxc3 0-0 8. Bg5 h6 9. Bh4 Be7 10. h3 d6 11. Re1 Bd7 12. Qc2 Na5 13. Bd3 Be6 14. Rad1 Qc8 15. e5 dxe5 16. Nxe5 c5 17. b3 Qc7 18. Bg3 Bd6 19. Be4 Bxe5 20. Bxb7 Bxg3 21. Bxa8 Bxf2+ 22. Kxf2 Qf4+ 23. Kg1 Rxa8 24. Na4 Nd5 25. Nxc5 Rc8 26. Nxe6 1-0

[Event "GER Cup Net V1 U1600"]
[Site "Playchess.com INT"]
[Date "2020.05.19"]
[Round "4"]
[White "Birk, Wilfried Christoph"]
[Black "Roemer, Alois"]
[Result "0-1"]
[WhiteElo "1421"]
[BlackElo "1524"]
[PlyCount "108"]
[EventDate "2020.05.19"]
[EventType "swiss (blitz)"]
[EventRounds "9"]
[EventCountry "GER"]
[SourceTitle "EXT 2021"]
[Source "ChessBase"]
[SourceDate "2020.10.23"]
[SourceVersion "1"]
[SourceVersionDate "2020.10.23"]
[SourceQuality "1"]

1. d4 d5 2. Nf3 Nf6 3. c3 c5 4. e3 Nc6 5. Bd3 b6 6. Nbd2 g6 7. Ne5 Nxe5 8. dxe5 Nd7 9. f4 Bg7 10. Bb5 a6 11. Bc6 Rb8 12. 0-0 Qc7 13. Bxd7+ Bxd7 14. Nf3 Bf5 15. Qe1 0-0 16. Qh4 Rbd8 17. Ng5 h6 18. Nf3 Be4 19. Nd2 Bd3 20. Rf3 Bf5 21. g4 Be6 22. g5 h5 23. b3 d4 24. Bb2 dxe3 25. Ne4 e2 26. Qe1 Bg4 27. Rg3 Qd7 28. h3 Bf5 29. Qxe2 Bxe4 30. Qxe4 Qd2 31. Rg2 Qd3 32. Qxd3 Rxd3 33. Rf1 Rfd8 34. h4 Rh3 35. Rh2 Rxh2 36. Kxh2 Rd2+ 37. Kg1 Rxb2 38. Rd1 Rxa2 39. Rd8+ Bf8 40. Rb8 e6 41. Rxb6 Ra3 42. b4 cxb4 43. cxb4 Ra4 44. Rb8 Rxb4 45. Rxb4 Bxb4 46. Kf1 a5 47. Ke2 Kf8 48. Kd1 Ke7 49. Kc2 Kd7 50. Kb1 Kc6 51. Ka2 Kd5 52. Kb3 Ke4 53. Kc2 Kxf4 54. Kb2 Kg4 0-1

[Event "GER Cup Net V1 U1600"]
[Site "Playchess.com INT"]
[Date "2020.05.19"]
[Round "8"]
[White "Fleischmann, Theo"]
[Black "Roemer, Alois"]
[Result "1-0"]
[WhiteElo "1525"]
[BlackElo "1537"]
[PlyCount "109"]
[EventDate "2020.05.19"]
[EventType "swiss (blitz)"]
[EventRounds "9"]
[EventCountry "GER"]
[SourceTitle "EXT 2021"]
[Source "ChessBase"]
[SourceDate "2020.10.23"]
[SourceVersion "1"]
[SourceVersionDate "2020.10.23"]
[SourceQuality "1"]

1. d4 d5 2. c4 dxc4 3. e4 Nc6 4. Bxc4 Qxd4 5. Qxd4 Nxd4 6. Na3 e5 7. Bd3 Bxa3 8. bxa3 Nf6 9. h3 Bd7 10. Rb1 b6 11. Ne2 Nxe2 12. Kxe2 Bc6 13. f3 Nh5 14. Rd1 Ba4 15. Rd2 0-0 16. Bc4 Rfd8 17. Rb4 Bc6 18. Kf2 Rxd2+ 19. Bxd2 Rd8 20. Bc3 Nf4 21. Bxe5 Nd3+ 22. Bxd3 Rxd3 23. Bxc7 Rxa3 24. Rd4 Rxa2+ 25. Kg3 h6 26. Rd6 Bb5 27. Rd5 Bc6 28. Rd8+ Kh7 29. Ra8 b5 30. Rb8 a6 31. Bd6 a5 32. Rb6 Bd7 33. Kh2 b4 34. Kg3 Rb2 35. Be5 b3 36. Bxb2 a4 37. Ba3 Be8 38. Rb8 Bc6 39. Rb6 Bd7 40. Kf4 Kg8 41. Ke5 f6+ 42. Kd6 Be8 43. Ke7 Bf7 44. Rb8+ Kh7 45. Kxf7 b2 46. Bxb2 a3 47. Bxa3 h5 48. Ke6 g5 49. Kf5 g4 50. hxg4 hxg4 51. fxg4 Kg7 52. g3 Kh6 53. Bb2 Kh7 54. Bxf6 Kh6 55. Rh8# 1-0

[Event "GER-chT U12"]
[Site "Magdeburg"]
[Date "2018.12.27"]
[Round "2.3"]
[White "Voicu, Mihai"]
[Black "Roemer, Alois"]
[Result "0-1"]
[WhiteElo "1274"]
[BlackElo "1444"]
[PlyCount "92"]
[EventDate "2018.12.27"]
[EventType "team-swiss"]
[EventRounds "7"]
[EventCountry "GER"]
[SourceTitle "CBM 188 Extra"]
[Source "ChessBase"]
[SourceDate "2019.02.26"]
[SourceVersion "1"]
[SourceVersionDate "2019.02.26"]
[SourceQuality "1"]
[WhiteTeam "Duesseldorf SV"]
[BlackTeam "Brackel"]
[WhiteTeamCountry "GER"]
[BlackTeamCountry "GER"]

1. c4 e6 2. Nc3 d5 3. e3 Nf6 4. d4 c5 5. g3 Be7 6. Bg2 cxd4 7. exd4 0-0 8. c5 Nc6 9. Nge2 b6 10. cxb6 Qxb6 11. a3 Na5 12. b4 Nc4 13. Na4 Qa6 14. Nc5 Bxc5 15. dxc5 Qb5 16. 0-0 a5 17. Nc3 Qd7 18. b5 Qc7 19. c6 Re8 20. a4 Qe5 21. Ne2 Qxa1 22. Nd4 Qc3 23. Bg5 Nb2 24. Qd2 Qxd2 25. Bxd2 Nxa4 26. Ra1 Nb6 27. Rxa5 Rxa5 28. Bxa5 Nc4 29. Bc3 e5 30. Nb3 Ne4 31. Bxe4 dxe4 32. Nc5 f5 33. g4 e3 34. fxe3 f4 35. exf4 exf4 36. Na4 g5 37. b6 Nxb6 38. Nxb6 Bxg4 39. c7 Kf7 40. Kg2 Kg6 41. Bb4 Re2+ 42. Kg1 Rc2 43. Bd6 Rc6 44. c8Q Bxc8 45. Nxc8 Rxc8 46. Kf2 h5 0-1

[Event "GER-chT U10"]
[Site "Magdeburg"]
[Date "2016.12.27"]
[Round "1.2"]
[White "Kempe, Caius Emilian"]
[Black "Roemer, Alois"]
[Result "0-1"]
[WhiteElo "1095"]
[BlackElo "1074"]
[PlyCount "106"]
[EventDate "2016.12.27"]
[EventType "team-swiss"]
[EventRounds "7"]
[EventCountry "GER"]
[SourceTitle "EXT 2018"]
[Source "ChessBase"]
[SourceDate "2017.10.13"]
[SourceVersion "1"]
[SourceVersionDate "2017.10.13"]
[SourceQuality "1"]
[WhiteTeam "Dresden TU"]
[BlackTeam "Brackel"]
[WhiteTeamCountry "GER"]
[BlackTeamCountry "GER"]

1. d4 d5 2. Bf4 Nf6 3. Nf3 c5 4. e3 Nc6 5. Nc3 Bg4 6. Be2 e6 7. h3 Bh5 8. 0-0 Be7 9. Ne5 Bxe2 10. Qxe2 Rc8 11. Rac1 0-0 12. Ng4 cxd4 13. exd4 Nxd4 14. Qd3 Nc6 15. Qg3 Kh8 16. Ne5 Nh5 17. Nxc6 Rxc6 18. Qf3 Nxf4 19. Qxf4 Bg5 20. Qg4 Bxc1 21. Rxc1 Qb6 22. Na4 Qc7 23. Qb4 Kg8 24. Nc3 Rc4 25. Qa3 a6 26. Qb3 b5 27. Ne2 Rc8 28. Ng3 Rxc2 29. Rxc2 Qxc2 30. Qa3 Qa4 31. Qe7 Qxa2 32. Qd7 Rf8 33. Qb7 Qxb2 34. Qxa6 Qb4 35. Qa1 g6 36. Qe5 Qh4 37. Qb2 Rb8 38. Qe5 Rb7 39. Qc3 Qd8 40. Qc6 Qd7 41. Qa6 b4 42. Qa8+ Kg7 43. Qa1+ f6 44. Nf1 b3 45. Qb2 Qc6 46. Qb1 b2 47. Nd2 Qc1+ 48. Qxc1 bxc1Q+ 49. Kh2 Qxd2 50. f3 Qf4+ 51. Kg1 Qg3 52. Kf1 Rb2 53. h4 Qf2# 0-1